Benchmarking a zvyšovanie výkonnosti firmy

Benchmarking nie je v našich podnikoch veľmi využívaný. Faktory úspešného benchmarkingu. Benchmarkingový proces. Prínos benchmarkingu.

Enregistré dans:
Détails bibliographiques
Auteur principal: Hrašková, Dagmar
Format: Chapitre de livre
Langue:slovaque
Sujets:
Tags: Ajouter un tag
Pas de tags, Soyez le premier à ajouter un tag!

MARC

LEADER 00000naa$a2200000$$$4500
001 0109489
005 20231120112736.6
041 0 |a slo 
044 |a SK 
245 1 0 |a Benchmarking a zvyšovanie výkonnosti firmy  |c Dagmar Hrašková 
520 |a Benchmarking nie je v našich podnikoch veľmi využívaný. Faktory úspešného benchmarkingu. Benchmarkingový proces. Prínos benchmarkingu. 
610 2 0 |a benchmarking 
610 2 0 |a podnik 
610 2 0 |a plánovanie podnikové 
610 2 0 |a výkony podnikové 
610 2 0 |a zákazníci 
610 2 0 |a Slovensko 
100 1 |a Hrašková, Dagmar